00936nam a22002537a 45000010005000000030006000050050017000110080041000280200018000690400029000870500013001160820010001291000022001392450141001612600057003023000050003595050008004095200095004175210024005125210021005366500044005576500040006017000041006415509FISKH20241213140743.0241213b cb ||||| |||| 00| 0 eng d a9781426307317 aFISKHbengcFISKHdFISKH aQB843.S9 a523.8 aAguilar, David A aSuper stars :bthe biggest, hottest, brightest, and most explosive stars in the milky way /cby David A. Aguilar : author of 11 planets  aWashington, D C :bNational Geographic Kids ;c2010. a48 pages : bcolor illustrations ; c24 cm .  aZ  aDescribes fifteen of the most unusual known stars, plus other interesting stellar objects.8 a1160 bLexile NC 8 aZ bRAz-Plus  asupergiant stars vJuvenile literature  asupermassive vJuvenile literature  aEpstein, LorieIllustrations Editor